000 00581nam a2200181Ia 4500
008 151018s9999 xx 000 0 und d
082 _bRBASDV17875
_a891.463
100 _aभा रा भागवत
245 _aबोला बोला मुछांसेन
250 _b1
260 _bशकून
_c1984
300 _a88
600 _aभा रा भागवत
630 _aबोला बोला मुछांसेन
700 _aभा रा भागवत
730 _aबोला बोला मुछांसेन
942 _cBOOK
999 _c1018551
_d1018548